书目信息 |
| 题名: |
中国企业公司治理案例
|
|
| 作者: | 高闯 主编 | |
| 分册: | ||
| 出版信息: | 北京 经济管理出版社 2013 |
|
| 页数: | 293页 | |
| 开本: | 26cm | |
| 丛书名: | 中国管理模式案例丛书 | |
| 单 册: | ||
| 中图分类: | F276.6 | |
| 科图分类: | ||
| 主题词: | 公司--企业管理--研究 , 公司 , 企业管理 | |
| 电子资源: | ||
| ISBN: | 978-7-5096-2378-7 | |
| 000 | 01119nam0 2200301 450 | |
| 001 | 523 | |
| 005 | 20140909092643.23 | |
| 010 | @a978-7-5096-2378-7@dCNY42.00 | |
| 100 | @a20131010d2013 em y0chiy50 ea | |
| 101 | 0 | @achi |
| 102 | @aCN@b110000 | |
| 105 | @ay z 000yy | |
| 106 | @ar | |
| 200 | 1 | @a中国企业公司治理案例@AZhong Guo Qi Ye Gong Si Zhi Li An Li@dCorporate governance: the case from Chinese enterprises@f高闯主编@FGao Chuang Zhu Bian@zeng |
| 210 | @a北京@c经济管理出版社@d2013 | |
| 215 | @a293页@d26cm | |
| 225 | 2 | @a中国管理模式案例丛书 |
| 300 | @a中国社会科学院创新工程学术出版资助项目 | |
| 330 | @a本书共6章,内容包括:股权结构与投融资行为、控制权争夺、终极股东控制与剥夺、高管股权激励与长期激励性报酬、收购与兼并、家族企业公司治理与财富传承。 | |
| 461 | 0 | @12001 @a中国管理模式案例丛书 |
| 510 | 1 | @aCorporate governance: the case from Chinese enterprises@zeng |
| 606 | 0 | @a公司@x企业管理@x研究 |
| 606 | 0 | @a公司 |
| 606 | 0 | @a企业管理 |
| 690 | @aF276.6@v5 | |
| 701 | 0 | @a高闯@AGao Chuang@f(1953.7~)@4主编 |
| 801 | 0 | @aCN@bTANGWEI@c20140603 |
| 905 | @b0839356-58@dF276.6@e1111@f3 | |
| 中国企业公司治理案例=Corporate governance: the case from Chinese enterprises/高闯主编.-北京:经济管理出版社,2013 |
| 293页;26cm.-(中国管理模式案例丛书) |
| 中国社会科学院创新工程学术出版资助项目 |
| ISBN 978-7-5096-2378-7:CNY42.00 |
| 本书共6章,内容包括:股权结构与投融资行为、控制权争夺、终极股东控制与剥夺、高管股权激励与长期激励性报酬、收购与兼并、家族企业公司治理与财富传承。 |
| ● |
| 相关链接 |
|
|
|
|
正题名:中国企业公司治理案例
索取号:F276.6/1111
 
预约/预借
| 序号 | 登录号 | 条形码 | 馆藏地/架位号 | 状态 | 备注 |
| 1 | 0839356 | 208393567 | 第一样本阅览室/ [索取号:F276.6/1111] | 在馆 | |
| 2 | 0839357 | 208393576 | 第一借阅区/ [索取号:F276.6/1111] | 在馆 | |
| 3 | 0839358 | 208393585 | 密集书库-海洋学院/ [索取号:F276.6/1111] | 在馆 |